<?xml version="1.0" encoding="UTF-8"?>
<record
    xmlns:xsi="http://www.w3.org/2001/XMLSchema-instance"
    xsi:schemaLocation="http://www.loc.gov/MARC21/slim http://www.loc.gov/standards/marcxml/schema/MARC21slim.xsd"
    xmlns="http://www.loc.gov/MARC21/slim">

  <leader>01780nam a22003138i 4500</leader>
  <controlfield tag="001">991027154296307026</controlfield>
  <controlfield tag="003">UkOxU</controlfield>
  <controlfield tag="005">20251013162638.0</controlfield>
  <controlfield tag="007">t|</controlfield>
  <controlfield tag="008">240311s2024    enk    j      000|f eng|d</controlfield>
  <datafield tag="020" ind1=" " ind2=" ">
    <subfield code="a">9781398530003</subfield>
  </datafield>
  <datafield tag="035" ind1=" " ind2=" ">
    <subfield code="a">()9781398530003</subfield>
  </datafield>
  <datafield tag="035" ind1=" " ind2=" ">
    <subfield code="a">(StEdALDL)1/4468945</subfield>
  </datafield>
  <datafield tag="040" ind1=" " ind2=" ">
    <subfield code="a">StDuBDS</subfield>
    <subfield code="b">eng</subfield>
    <subfield code="c">StDuBDS</subfield>
    <subfield code="e">rda</subfield>
    <subfield code="d">UkOxU</subfield>
  </datafield>
  <datafield tag="041" ind1=" " ind2=" ">
    <subfield code="a">eng</subfield>
  </datafield>
  <datafield tag="050" ind1=" " ind2=" ">
    <subfield code="a">PS3553.H3469</subfield>
    <subfield code="b">P47 2012</subfield>
  </datafield>
  <datafield tag="100" ind1=" " ind2=" ">
    <subfield code="a">Chbosky, Stephen</subfield>
    <subfield code="e">author</subfield>
    <subfield code="9">26134</subfield>
  </datafield>
  <datafield tag="245" ind1="1" ind2="4">
    <subfield code="a">The perks of being a wallflower</subfield>
    <subfield code="c">/ Stephen Chbosky.</subfield>
  </datafield>
  <datafield tag="260" ind1=" " ind2=" ">
    <subfield code="a">London :</subfield>
    <subfield code="b">Simon &amp; Schuster UK,</subfield>
    <subfield code="c">2024.</subfield>
  </datafield>
  <datafield tag="300" ind1=" " ind2=" ">
    <subfield code="a">240 pages ;</subfield>
    <subfield code="c">20 cm.</subfield>
  </datafield>
  <datafield tag="520" ind1=" " ind2=" ">
    <subfield code="a">Charlie is a shy and introspective teenage boy, a wallflower always standing on the edge of the action. We learn about him through the letters he writes to someone of an undisclosed name, age and gender, a stylistic technique which adds to the heart-wrenching earnestness of the story. More intimate than a diary, Charlie's letters are singular and unique, hilarious and devastating.

Charlie encounters many of the struggles familiar to everybody from their school days, from making friends, first crushes, experimenting with drugs and sexuality, but he must also deal with his best friend's suicide and a shocking realisation about his beloved late Aunt Helen which challenges his very grip on reality.

This is a funny, touching, memorable first novel which captures with resounding accuracy the voice of a boy teetering on the brink of adulthood.</subfield>
  </datafield>
  <datafield tag="650" ind1=" " ind2="0">
    <subfield code="a">High school students</subfield>
    <subfield code="x">Social conditions </subfield>
    <subfield code="v">Fiction</subfield>
    <subfield code="9">26135</subfield>
  </datafield>
  <datafield tag="650" ind1=" " ind2="0">
    <subfield code="a">Teenagers</subfield>
    <subfield code="v">Fiction</subfield>
    <subfield code="9">26136</subfield>
  </datafield>
  <datafield tag="650" ind1=" " ind2="0">
    <subfield code="a">Letters</subfield>
    <subfield code="v">Fiction</subfield>
    <subfield code="9">26122</subfield>
  </datafield>
  <datafield tag="650" ind1=" " ind2="0">
    <subfield code="a">Diary fiction</subfield>
    <subfield code="9">14285</subfield>
  </datafield>
  <datafield tag="655" ind1=" " ind2="0">
    <subfield code="a">Epistolary fiction</subfield>
    <subfield code="9">26137</subfield>
  </datafield>
  <datafield tag="655" ind1=" " ind2="0">
    <subfield code="a">Young adult fiction</subfield>
    <subfield code="9">22863</subfield>
  </datafield>
  <datafield tag="942" ind1=" " ind2=" ">
    <subfield code="2">lcc</subfield>
  </datafield>
  <datafield tag="952" ind1=" " ind2=" ">
    <subfield code="0">0</subfield>
    <subfield code="1">0</subfield>
    <subfield code="2">lcc</subfield>
    <subfield code="4">0</subfield>
    <subfield code="7">0</subfield>
    <subfield code="a">TBS</subfield>
    <subfield code="b">TBS</subfield>
    <subfield code="d">2025-10-13</subfield>
    <subfield code="l">0</subfield>
    <subfield code="o">P-EN CHB</subfield>
    <subfield code="p">B07681</subfield>
    <subfield code="r">2025-10-13</subfield>
    <subfield code="t">1</subfield>
    <subfield code="w">2025-10-13</subfield>
    <subfield code="y">1</subfield>
  </datafield>
  <datafield tag="999" ind1=" " ind2=" ">
    <subfield code="c">5039</subfield>
    <subfield code="d">5039</subfield>
  </datafield>
</record>
